000 00559nam a2200205Ia 4500
005 20240105111447.0
008 131103s9999 xx 000 0 und d
040 _aLoreto College
041 _aEnglish
082 _a891.37
_bFRA
100 _aFrancis,H.T.
245 _aJataka Tales,
_cselected by H.T.Francis and E.J.Thomas
250 _aAlso Edited with Introduction and Notes,
260 _aBombay
_bJaico Publishing House
_c1956
300 _axiv,95 p.
650 _aSanskrit Fiction
700 _aThomas,E.J.
850 _aLCLIB
942 _cBK
999 _c13775
_d64254